The biofuel delusion : (Record no. 355368)
[ view plain ]
| 000 -LEADER | |
|---|---|
| fixed length control field | 01342cam a22003614a 4500 |
| 001 - CONTROL NUMBER | |
| control field | 15656310 |
| 003 - CONTROL NUMBER IDENTIFIER | |
| control field | Nust- CAS-E |
| 005 - DATE AND TIME OF LATEST TRANSACTION | |
| control field | 20180118181359.0 |
| 008 - FIXED-LENGTH DATA ELEMENTS--GENERAL INFORMATION | |
| fixed length control field | 090310s2009 enka b 001 0 eng |
| 010 ## - LIBRARY OF CONGRESS CONTROL NUMBER | |
| LC control number | 2009010092 |
| 015 ## - NATIONAL BIBLIOGRAPHY NUMBER | |
| National bibliography number | GBA950072 |
| Source | bnb |
| 016 7# - NATIONAL BIBLIOGRAPHIC AGENCY CONTROL NUMBER | |
| Record control number | 015261847 |
| Source | Uk |
| 020 ## - INTERNATIONAL STANDARD BOOK NUMBER | |
| International Standard Book Number | 9781844076819 |
| 020 ## - INTERNATIONAL STANDARD BOOK NUMBER | |
| International Standard Book Number | 1844076814 |
| 035 ## - SYSTEM CONTROL NUMBER | |
| System control number | (OCoLC)ocn316233029 |
| 040 ## - CATALOGING SOURCE | |
| Original cataloging agency | DNAL/DLC |
| Transcribing agency | DLC |
| Modifying agency | BTCTA |
| -- | UKM |
| -- | YDXCP |
| -- | BWKUK |
| -- | BWK |
| -- | BWX |
| -- | PUL |
| -- | DLC |
| 042 ## - AUTHENTICATION CODE | |
| Authentication code | pcc |
| 050 00 - LIBRARY OF CONGRESS CALL NUMBER | |
| Classification number | HD9502.5.B542 |
| Item number | G53 2009 |
| 070 0# - NATIONAL AGRICULTURAL LIBRARY CALL NUMBER | |
| Classification number | HD9502.5.B542 |
| Item number | G53 2009 |
| 082 00 - DEWEY DECIMAL CLASSIFICATION NUMBER | |
| Classification number | 333.95/39 |
| Edition number | 22 |
| Author Mark | GIA 2009 |
| 100 1# - MAIN ENTRY--PERSONAL NAME | |
| Personal name | Giampietro, M. |
| Fuller form of name | (Mario) |
| 245 14 - TITLE STATEMENT | |
| Title | The biofuel delusion : |
| Remainder of title | the fallacy of large-scale agro-biofuel production / |
| Statement of responsibility, etc. | Mario Giampietro and Kozo Mayumi. |
| 246 30 - VARYING FORM OF TITLE | |
| Title proper/short title | Fallacy of large scale agro-biofuels production |
| 260 ## - PUBLICATION, DISTRIBUTION, ETC. | |
| Place of publication, distribution, etc. | London ; |
| -- | Sterling, VA : |
| Name of publisher, distributor, etc. | Earthscan, |
| Date of publication, distribution, etc. | 2009. |
| 300 ## - PHYSICAL DESCRIPTION | |
| Extent | xviii, 318 p. : |
| Other physical details | ill. ; |
| Dimensions | 24 cm. |
| 504 ## - BIBLIOGRAPHY, ETC. NOTE | |
| Bibliography, etc. note | Includes bibliographical references and index. |
| 650 #0 - SUBJECT ADDED ENTRY--TOPICAL TERM | |
| Topical term or geographic name entry element | Biomass energy |
| General subdivision | Economic aspects. |
| 650 #0 - SUBJECT ADDED ENTRY--TOPICAL TERM | |
| Topical term or geographic name entry element | Biomass energy |
| General subdivision | Social aspects. |
| 700 1# - ADDED ENTRY--PERSONAL NAME | |
| Personal name | Mayumi, Kozo, |
| Dates associated with a name | 1954- |
| 906 ## - LOCAL DATA ELEMENT F, LDF (RLIN) | |
| a | 7 |
| b | cbc |
| c | orignew |
| d | 1 |
| e | ecip |
| f | 20 |
| g | y-gencatlg |
| 942 ## - ADDED ENTRY ELEMENTS (KOHA) | |
| Source of classification or shelving scheme | |
| Koha item type | Book |
| Withdrawn status | Lost status | Source of classification or shelving scheme | Damaged status | Not for loan | Collection code | Permanent Location | Current Location | Shelving location | Date acquired | Source of acquisition | Total Checkouts | Full call number | Barcode | Date last seen | Cost, replacement price | Price effective from | Koha item type |
|---|---|---|---|---|---|---|---|---|---|---|---|---|---|---|---|---|---|
| US-Pakistan Center for Advanced Studies in Energy (USPCAS-E) | US-Pakistan Center for Advanced Studies in Energy (USPCAS-E) | General Stacks | 04/22/2013 | Victoria co | 333.95/39 GIA 2009 | CAS-E0000260 | 05/08/2014 | 8984.00 | 05/08/2014 | Book |
